[Event "Roskilde 100 aars Jubilaeum 2008"]
[Site "Roskilde"]
[Date "2008.10.12"]
[Round "2"]
[White "Jorgensen, Morten"]
[Black "Jorgensen, Alexander Torp"]
[Result "1-0"]
[WhiteElo "1491"]
[BlackElo "1002"]
[PlyCount "69"]
[EventDate "2008.??.??"]


1. d4 d5 2. c4 Nc6 3. e3 Bf5 4. Nc3 e6 5. Nf3 Nb4 6. e4 dxe4 7. Ne5 Bd6 8. Be3
Bxe5 9. dxe5 Qxd1+ 10. Rxd1 Nc2+ 11. Kd2 Nxe3 12. Kxe3 Ne7 13. Nxe4 Nc6 14. f4
O-O 15. g3 Rad8 16. Bg2 Na5 17. b3 Nc6 18. Nc5 b6 19. Nxe6 fxe6 20. Bxc6 Bc2
21. Rd2 Rxd2 22. Kxd2 Bf5 23. Kc3 a5 24. Rd1 Bg6 25. Rd7 Be8 26. Rxc7 h6 27.
Rc8 Bh5 28. Rxf8+ Kxf8 29. Kd4 Ke7 30. c5 bxc5+ 31. Kxc5 Kd8 32. Kb6 Be8 33.
Bxe8 Kxe8 34. Kxa5 Kd7 35. Kb6 1-0

[Event "Roskilde 100 aars Jubilaeum 2008"]
[Site "Roskilde"]
[Date "2008.10.12"]
[Round "2"]
[White "Christensen, Simon Ellegaard"]
[Black "Zmylon, Frederik Nielsen"]
[Result "1-0"]
[WhiteElo "1720"]
[BlackElo "1367"]
[PlyCount "79"]
[EventDate "2008.??.??"]


1. d4 Nf6 2. Nf3 g6 3. Bf4 Bg7 4. h3 d5 5. e3 O-O 6. Bd3 Nc6 7. c3 Bd7 8. Nbd2
Re8 9. Ne5 Be6 10. Qe2 Nxe5 11. dxe5 Nd7 12. Nf3 Nc5 13. Bc2 Qd7 14. Nd4 c6 15.
O-O Qc7 16. b4 Ne4 17. Bxe4 dxe4 18. Nxe6 fxe6 19. Qc4 Kf7 20. Qxe4 Rad8 21.
Bh2 b5 22. Qf4+ Kg8 23. c4 a6 24. Rac1 Rf8 25. Qg4 Rf5 26. e4 Rd4 27. Qe2 Rh5
28. f4 Qa7 29. Kh1 a5 30. Bg1 axb4 31. Bxd4 Qxd4 32. Rfd1 Qb6 33. cxb5 cxb5 34.
Rd2 Kf7 35. Rcc2 Bf8 36. Kh2 Qa6 37. g4 Rh6 38. f5 gxf5 39. exf5 Qb6 40. f6 1-0

[Event "Roskilde 100 aars Jubilaeum 2008"]
[Site "Roskilde"]
[Date "2008.10.12"]
[Round "2"]
[White "Jorgensen, Brian Jorgen"]
[Black "Andersen, Daniel"]
[Result "1/2-1/2"]
[WhiteElo "2210"]
[BlackElo "1806"]
[PlyCount "59"]
[EventDate "2008.??.??"]


1. d4 Nf6 2. Nf3 g6 3. Nc3 d5 4. Bf4 Bg7 5. e3 O-O 6. Be2 c5 7. Ne5 cxd4 8.
exd4 Nc6 9. Qd2 Bd7 10. O-O-O Rc8 11. h4 Ne4 12. Nxe4 dxe4 13. Nxc6 Rxc6 14. h5
Qb6 15. hxg6 fxg6 16. Be5 Bxe5 17. dxe5 Bf5 18. Qh6 Rf7 19. Rd2 Rc8 20. Qg5 Be6
21. Bg4 Rcf8 22. Rd6 exd6 23. Bxe6 Qa5 24. Qh6 Kh8 25. Bxf7 Rxf7 26. Qxg6 Qxa2
27. e6 Rg7 28. Qe8+ Rg8 29. Qh5 Rg7 30. Qe8+ 1/2-1/2

[Event "Roskilde 100 aars Jubilaeum 2008"]
[Site "Roskilde"]
[Date "2008.10.12"]
[Round "2"]
[White "Hoi, Carsten"]
[Black "Sorensen, Dick"]
[Result "1-0"]
[WhiteElo "2382"]
[BlackElo "1851"]
[PlyCount "49"]
[EventDate "2008.??.??"]


1. d4 e6 2. Nf3 f5 3. d5 Bd6 4. c4 Nf6 5. Nc3 O-O 6. g3 b6 7. Bg2 Bb7 8. O-O
Na6 9. Nb5 Nc5 10. Nxd6 cxd6 11. Nd4 exd5 12. cxd5 Bxd5 13. b4 Bxg2 14. Kxg2
Ne6 15. Nxf5 Ne4 16. g4 Qf6 17. Be3 Qe5 18. Qd3 Nf4+ 19. Bxf4 Qxf4 20. f3 Nf6
21. Nxd6 Qxb4 22. g5 Nh5 23. Qd5+ Kh8 24. e3 Qh4 25. Nf7+ 1-0

[Event "Roskilde 100 aars Jubilaeum 2008"]
[Site "Roskilde"]
[Date "2008.10.12"]
[Round "2"]
[White "Christensen, Casper"]
[Black "Christensen, Christoffer Ellegaa"]
[Result "1-0"]
[WhiteElo "1678"]
[BlackElo "1759"]
[PlyCount "65"]
[EventDate "2008.??.??"]


1. e4 e6 2. Bb5 c5 3. Nf3 a6 4. Be2 d5 5. exd5 exd5 6. d4 Bf5 7. b3 Nf6 8. Bb2
Nc6 9. O-O Be7 10. Re1 O-O 11. Nh4 Be6 12. dxc5 Ne4 13. Nf3 Bxc5 14. Rf1 Qb6
15. Qe1 Rfe8 16. Nfd2 Bg4 17. Nxe4 Rxe4 18. Nc3 Rxe2 19. Nxe2 Re8 20. Qd2 Bxe2
21. Rae1 Bb4 22. c3 d4 23. Rxe2 Rxe2 24. Qxe2 dxc3 25. Bxc3 Be7 26. Qg4 Bf8 27.
Re1 Qc5 28. Bxg7 Qc2 29. Bh6+ Kh8 30. Qc8 Qc5 31. Re8 Kg8 32. Qg4+ Kh8 33.
Rxf8+ 1-0

[Event "Roskilde 100 aars Jubilaeum 2008"]
[Site "Roskilde"]
[Date "2008.10.12"]
[Round "2"]
[White "Eriksson, Christian Altenburg"]
[Black "Lavrsen, Frands Winther"]
[Result "1-0"]
[WhiteElo "1997"]
[BlackElo "1762"]
[PlyCount "105"]
[EventDate "2008.??.??"]


1. e4 Nc6 2. d4 d5 3. Nc3 dxe4 4. d5 Ne5 5. Qd4 Ng6 6. Qxe4 Nf6 7. Qa4+ Bd7 8.
Bb5 a6 9. Bxd7+ Qxd7 10. Qxd7+ Kxd7 11. Nf3 c6 12. dxc6+ bxc6 13. Na4 Ke8 14.
Bd2 e6 15. O-O-O Bd6 16. g3 Ke7 17. Rhe1 Ng4 18. Re2 N4e5 19. Ng5 f6 20. Ne4
Bc7 21. Nec5 Nf8 22. f4 Nc4 23. Bb4 Kf7 24. Nxe6 Nxe6 25. Rd7+ Kg6 26. Rxe6 Ba5
27. Bxa5 Nxa5 28. Ree7 Rhg8 29. b3 Rae8 30. Nc5 Rxe7 31. Rxe7 Rf8 32. Nxa6 Rf7
33. Re2 Nb7 34. Nb4 c5 35. Nd5 Nd6 36. g4 Ra7 37. c4 Nf7 38. h4 Nd8 39. Ne7+
Kf7 40. Nf5 Rd7 41. Rd2 Rxd2 42. Kxd2 g6 43. Nd6+ Ke7 44. Ne4 Ne6 45. Ke3 f5
46. gxf5 gxf5 47. Ng5 h6 48. Nxe6 Kxe6 49. a3 Kd6 50. b4 Kc6 51. bxc5 Kxc5 52.
Kd3 Kc6 53. Kd4 1-0

[Event "Roskilde 100 aars Jubilaeum 2008"]
[Site "Roskilde"]
[Date "2008.10.12"]
[Round "2"]
[White "Brekka, Hanus"]
[Black "Lauridsen, Jesper Morch"]
[Result "0-1"]
[WhiteElo "2019"]
[BlackElo "2279"]
[PlyCount "62"]
[EventDate "2008.??.??"]


1. e4 c5 2. Nf3 Nc6 3. Nc3 g6 4. d4 cxd4 5. Nxd4 Bg7 6. Be3 Nf6 7. Be2 O-O 8.
O-O d5 9. exd5 Nb4 10. Bf3 Nbxd5 11. Nxd5 Nxd5 12. Bxd5 Qxd5 13. c3 b6 14. Qb3
Qe4 15. Rfe1 Bb7 16. f3 Qh4 17. Bf2 Qg5 18. Bg3 h5 19. f4 Qf6 20. h4 Qd6 21.
Rad1 Rad8 22. Kh2 Qc5 23. Nf3 Bxf3 24. gxf3 e6 25. Qa4 a5 26. Kg2 b5 27. Qe4 a4
28. Bf2 Qc4 29. a3 Qb3 30. Qe2 Bh6 31. Bg3 Rfe8 0-1

[Event "Roskilde 100 aars Jubilaeum 2008"]
[Site "Roskilde"]
[Date "2008.10.12"]
[Round "2"]
[White "Schmidt, Horst Hubert"]
[Black "Christensen, Svend Ellegaard"]
[Result "0-1"]
[WhiteElo "1778"]
[BlackElo "2172"]
[PlyCount "80"]
[EventDate "2008.??.??"]


1. e4 c5 2. g3 Nc6 3. Bg2 g6 4. Ne2 Bg7 5. d3 Rb8 6. Nbc3 b5 7. O-O e6 8. Bf4
d6 9. e5 d5 10. d4 Nge7 11. a4 bxa4 12. dxc5 O-O 13. Re1 Bxe5 14. Bxe5 Nxe5 15.
Rxa4 Qc7 16. b4 Bd7 17. b5 Bxb5 18. Nxb5 Rxb5 19. Nd4 Rxc5 20. Qa1 N5c6 21.
Rxe6 Nxd4 22. Rxa7 Nxe6 23. Rxc7 Rxc7 24. Qf6 Rb8 25. h4 h5 26. Bh3 Rb1+ 27.
Kg2 Re1 28. g4 hxg4 29. Bxg4 Re4 30. Kg3 Rf4 31. Qe5 Nf5+ 32. Bxf5 Rxf5 33. Qb2
d4 34. Kg2 Rc3 35. h5 Rxh5 36. Qb8+ Kg7 37. Qb2 Rf5 38. Kg1 Rcf3 39. Qb8 Rxf2
40. Qd6 Rxc2 0-1

[Event "Roskilde 100 aars Jubilaeum 2008"]
[Site "Roskilde"]
[Date "2008.10.12"]
[Round "2"]
[White "Jorgensen, Orla Eilegaard"]
[Black "Larsen, Arne Walther"]
[Result "0-1"]
[WhiteElo "1327"]
[BlackElo "1703"]
[PlyCount "52"]
[EventDate "2008.??.??"]


1. f4 Nf6 2. b3 g6 3. Bb2 Bg7 4. g4 d6 5. g5 Nh5 6. Bxg7 Nxg7 7. e4 e5 8. Qf3
exf4 9. Qxf4 Ne6 10. Qf2 Qxg5 11. Bc4 Qf4 12. Qg2 Ng5 13. Ne2 Qh4+ 14. Ng3 O-O
15. O-O Bh3 16. Qf2 Bxf1 17. Qxf1 Nxe4 18. Qg2 Nxg3 19. hxg3 Qd4+ 20. Kh2 Qxa1
21. Nc3 Nc6 22. Qf2 Rae8 23. Nd5 Re6 24. Ne3 Rxe3 25. dxe3 Ne5 26. Bd5 Ng4+ 0-1

[Event "Roskilde 100 aars Jubilaeum 2008"]
[Site "Roskilde"]
[Date "2008.10.12"]
[Round "2"]
[White "Kristensen, Steffen Michael"]
[Black "Nielsen, Kurt Sogaard"]
[Result "0-1"]
[WhiteElo "1195"]
[BlackElo "1612"]
[PlyCount "70"]
[EventDate "2008.??.??"]


1. Nf3 Nf6 2. d4 d5 3. Bf4 e6 4. e3 Nbd7 5. Bd3 c5 6. dxc5 Bxc5 7. O-O O-O 8.
Nbd2 Re8 9. e4 e5 10. Bg5 d4 11. a3 h6 12. Bxf6 Nxf6 13. h3 a6 14. b4 Bd6 15.
Nc4 b5 16. Nxd6 Qxd6 17. a4 bxa4 18. Rxa4 Bb7 19. Qe2 Reb8 20. Re1 Nd7 21. Nh4
g6 22. Qd2 Kg7 23. b5 Nc5 24. Ra3 axb5 25. Rxa8 Bxa8 26. Bxb5 Nxe4 27. Qd3 Nc5
28. Qg3 Ne4 29. Qd3 Nc5 30. Qg3 Ne4 31. Qg4 Qf6 32. f3 Nc3 33. Bd3 Bd5 34. Nxg6
Be6 35. Qg3 fxg6 0-1

[Event "Roskilde 100 aars Jubilaeum 2008"]
[Site "Roskilde"]
[Date "2008.10.12"]
[Round "3"]
[White "Bromann, Thorbjrn"]
[Black "Eriksson, Christian Altenburg"]
[Result "1-0"]
[WhiteElo "2416"]
[BlackElo "1997"]
[PlyCount "41"]
[EventDate "2008.??.??"]


1. d4 d5 2. Nc3 Nf6 3. Bg5 Nbd7 4. Qd3 g6 5. f3 c6 6. e4 dxe4 7. fxe4 Bg7 8.
Nf3 O-O 9. Qd2 Re8 10. e5 Nd5 11. Nxd5 cxd5 12. Bh6 Bh8 13. Bd3 Nf8 14. h4 Qb6
15. h5 Qxb2 16. O-O Qb6 17. Rab1 Qc7 18. Qg5 Ne6 19. Qg3 Bg7 20. hxg6 hxg6 21.
Bxg6 1-0

[Event "Roskilde 100 aars Jubilaeum 2008"]
[Site "Roskilde"]
[Date "2008.10.12"]
[Round "3"]
[White "Hansen, Lars Henrik Bech"]
[Black "Hoi, Carsten"]
[Result "0-1"]
[WhiteElo "1988"]
[BlackElo "2382"]
[PlyCount "36"]
[EventDate "2008.??.??"]


1. e4 g6 2. d4 Bg7 3. Nc3 d6 4. Be3 c6 5. Qd2 b5 6. Bd3 Nd7 7. O-O-O Nb6 8. h4
h5 9. Nh3 Rb8 10. Ng5 Nh6 11. f3 a5 12. b3 Qc7 13. Ne2 b4 14. Nf4 Bd7 15. Kb1
c5 16. dxc5 dxc5 17. Nd5 Nxd5 18. exd5 Qe5 0-1

[Event "Roskilde 100 aars Jubilaeum 2008"]
[Site "Roskilde"]
[Date "2008.10.12"]
[Round "3"]
[White "Madsen, Poul Henrik"]
[Black "Pedersen, Nicolai Vesterbaek"]
[Result "0-1"]
[WhiteElo "2039"]
[BlackElo "2431"]
[PlyCount "117"]
[EventDate "2008.??.??"]


1. d4 Nf6 2. Nf3 c5 3. e3 g6 4. Bd3 Bg7 5. O-O O-O 6. c4 d5 7. dxc5 dxc4 8.
Bxc4 Qa5 9. Nc3 Qxc5 10. Be2 Nc6 11. Qb3 a6 12. Bd2 Be6 13. Qc2 Bf5 14. Qc1
Rac8 15. a4 e5 16. Rd1 Qe7 17. b3 Rfd8 18. Be1 Rxd1 19. Qxd1 Nb4 20. Bc4 Bc2
21. Qe2 e4 22. Nd4 Bd3 23. Bxd3 exd3 24. Qd2 Nc2 25. Rc1 Nxe1 26. Qxe1 Qb4 27.
Kf1 Ne8 28. Ne4 Rxc1 29. Qxc1 Bxd4 30. exd4 Qxd4 31. f3 f5 32. Qc8 Qa1+ 33. Kf2
Qd4+ 34. Kf1 Qa1+ 35. Kf2 Qb2+ 36. Ke3 Qe5 37. Qxb7 fxe4 38. Qxe4 Qc5+ 39. Kxd3
Qd6+ 40. Kc4 Nf6 41. Qa8+ Kf7 42. Qa7+ Nd7 43. b4 Qc6+ 44. Kb3 Ke7 45. Qd4 Qe6+
46. Ka3 Qe5 47. Qxe5+ Nxe5 48. Kb3 Kd6 49. Kc3 Kd5 50. f4 Nc4 51. g4 Ne3 52. h3
Nd1+ 53. Kd2 Nb2 54. a5 Kc4 55. f5 gxf5 56. gxf5 Kxb4 57. f6 Nc4+ 58. Kd3 Nd6
59. Kd4 0-1

[Event "Roskilde 100 aars Jubilaeum 2008"]
[Site "Roskilde"]
[Date "2008.10.12"]
[Round "3"]
[White "Christensen, Casper"]
[Black "Jorgensen, Brian Jorgen"]
[Result "0-1"]
[WhiteElo "1678"]
[BlackElo "2210"]
[PlyCount "50"]
[EventDate "2008.??.??"]


1. e4 e6 2. Bb5 a6 3. Be2 d5 4. exd5 exd5 5. b3 Bd6 6. Bb2 Nf6 7. Nf3 Nc6 8.
O-O Bf5 9. Re1 O-O 10. d3 d4 11. Kh1 Bc5 12. a3 a5 13. Nbd2 Re8 14. Nf1 Qd6 15.
Ng3 Bg6 16. Nh4 Qf4 17. Nxg6 hxg6 18. Bf3 Qd6 19. Rxe8+ Rxe8 20. Qd2 b6 21. a4
Bb4 22. c3 dxc3 23. Bxc3 Bxc3 24. Qxc3 Qd4 25. Qxc6 Qxa1+ 0-1

[Event "Roskilde 100 aars Jubilaeum 2008"]
[Site "Roskilde"]
[Date "2008.10.12"]
[Round "3"]
[White "Jensen, Jan Kargaard"]
[Black "Hestehauge, Klaus"]
[Result "0-1"]
[WhiteElo "1624"]
[BlackElo "1889"]
[PlyCount "110"]
[EventDate "2008.??.??"]


1. d4 Nf6 2. Nf3 d5 3. c4 e6 4. Nc3 Be7 5. Bg5 O-O 6. e3 b6 7. cxd5 Nxd5 8.
Bxe7 Nxe7 9. Be2 Bb7 10. O-O Nd7 11. Rc1 Nd5 12. a3 c5 13. Bb5 cxd4 14. Nxd5
Bxd5 15. exd4 Nf6 16. Bc6 Rc8 17. Bxd5 Qxd5 18. Re1 Qb7 19. Qd3 h6 20. Ne5 Rxc1
21. Rxc1 Rc8 22. Rxc8+ Qxc8 23. Qc4 Qxc4 24. Nxc4 Kf8 25. Nd6 Nd5 26. Kf1 a6
27. g3 Ke7 28. Nc4 b5 29. Nd2 f5 30. Ke2 Kd6 31. Kd3 Nb6 32. f4 Kd5 33. b3 Nd7
34. Nf1 Nf6 35. Ne3+ Kd6 36. Kd2 a5 37. a4 Ne4+ 38. Kd3 bxa4 39. bxa4 Nf2+ 40.
Kc4 Kc6 41. d5+ exd5+ 42. Nxd5 Kd6 43. Ne3 g6 44. Kb5 Ng4 45. Nc4+ Kc7 46. Kxa5
Nxh2 47. Ne5 g5 48. fxg5 hxg5 49. Nf7 g4 50. Ng5 Nf1 51. Ne6+ Kb7 52. Kb5 Nxg3
53. a5 Ne4 54. a6+ Ka7 55. Nd8 Nd6+ 0-1

[Event "Roskilde 100 aars Jubilaeum 2008"]
[Site "Roskilde"]
[Date "2008.10.12"]
[Round "3"]
[White "Schandorff, Lars"]
[Black "Christensen, Svend Ellegaard"]
[Result "1-0"]
[WhiteElo "2520"]
[BlackElo "2172"]
[PlyCount "64"]
[EventDate "2008.??.??"]


1. d4 Nf6 2. c4 e6 3. Nc3 Bb4 4. Qc2 b6 5. e4 Bxc3+ 6. bxc3 d6 7. Bd3 Bb7 8.
Ne2 Nbd7 9. O-O Qe7 10. f3 h6 11. Ng3 O-O 12. f4 Kh8 13. Bd2 Rfd8 14. Rae1 e5
15. Nf5 Qf8 16. Rf3 Ng8 17. fxe5 dxe5 18. Rg3 g6 19. Nxh6 Nxh6 20. Rh3 Kg8 21.
Bxh6 Qe7 22. Rf1 c5 23. d5 Bc8 24. Rhf3 f6 25. Qf2 Ba6 26. Qg3 Kh7 27. Qh4 Kg8
28. Rxf6 Nxf6 29. Rxf6 Qe8 30. Re6 Qf7 31. Re7 Rd7 32. Rxf7 Rxf7 1-0

[Event "Roskilde 100 aars Jubilaeum 2008"]
[Site "Roskilde"]
[Date "2008.10.12"]
[Round "3"]
[White "Larsen, Arne Walther"]
[Black "Rasmussen, Henning"]
[Result "1/2-1/2"]
[WhiteElo "1703"]
[BlackElo "1918"]
[PlyCount "51"]
[EventDate "2008.??.??"]


1. Nf3 Nf6 2. d4 d5 3. g3 e6 4. c4 dxc4 5. Bg2 c5 6. O-O Nc6 7. Qa4 Bd7 8. Qxc4
b5 9. Qc2 cxd4 10. Rd1 Rc8 11. Na3 a6 12. Bg5 Be7 13. Qd3 O-O 14. Nxd4 Nxd4 15.
Qxd4 h6 16. Bf4 Bc5 17. Qd3 Qb6 18. e3 Bc6 19. Bxc6 Qxc6 20. Nc2 Qb6 21. Be5
Rfd8 22. Qe2 Be7 23. Rac1 Qb7 24. Rxd8+ Rxd8 25. Nd4 Rc8 26. Rxc8+ 1/2-1/2

[Event "Roskilde 100 aars Jubilaeum 2008"]
[Site "Roskilde"]
[Date "2008.10.12"]
[Round "3"]
[White "Larsen, Finn (1950)"]
[Black "Kristensen, Steffen Michael"]
[Result "0-1"]
[WhiteElo "1757"]
[BlackElo "1195"]
[PlyCount "84"]
[EventDate "2008.??.??"]


1. e4 c5 2. Nf3 d6 3. d4 cxd4 4. Nxd4 e5 5. Nb5 a6 6. N5c3 Nf6 7. Bg5 Be7 8.
Nd2 Nc6 9. Be2 O-O 10. O-O Nxe4 11. Ndxe4 Bxg5 12. Nxd6 Be6 13. Bf3 Nd4 14.
Nde4 Qe7 15. Nxg5 Qxg5 16. g3 Rab8 17. Bg2 Rfd8 18. Qc1 Qh5 19. f3 Bh3 20. Rf2
Bxg2 21. Kxg2 Qg6 22. Nd1 Ne6 23. Qe3 Nf4+ 24. Kh1 Nh3 25. Re2 Re8 26. Nc3 f6
27. Ne4 Red8 28. Rd2 Rxd2 29. Qxd2 f5 30. Qd5+ Qf7 31. Qd6 Qe8 32. Qd5+ Qf7 33.
Nc3 Qxd5 34. Nxd5 Rd8 35. c4 e4 36. Kg2 Ng5 37. Rd1 Kf7 38. fxe4 Nxe4 39. Kf3
g6 40. Kf4 h6 41. h3 Nf2 42. Re1 Nd3+ 0-1

[Event "Roskilde 100 aars Jubilaeum 2008"]
[Site "Roskilde"]
[Date "2008.10.12"]
[Round "3"]
[White "Christensen, Christoffer Ellegaa"]
[Black "Seirup, Simon"]
[Result "1-0"]
[WhiteElo "1759"]
[BlackElo "1226"]
[PlyCount "91"]
[EventDate "2008.??.??"]


1. d4 d5 2. Nf3 Nf6 3. Bf4 Bf5 4. e3 e6 5. c3 c6 6. Bd3 Bd6 7. Ne5 Ne4 8. Qc2
Qc7 9. Nd2 Nxd2 10. Qxd2 Bxd3 11. Qxd3 Nd7 12. Nxd7 Qxd7 13. Bxd6 Qxd6 14. f3
f6 15. O-O-O O-O-O 16. b4 b5 17. a4 a5 18. bxa5 Qa3+ 19. Kd2 Qa2+ 20. Qc2 Qxa4
21. Qxa4 bxa4 22. Ra1 Kc7 23. Rxa4 Ra8 24. Rha1 Ra7 25. Kd3 Rb8 26. Rb4 Rb5 27.
Rxb5 cxb5 28. Kc2 Kc6 29. Kb3 Ra8 30. Kb4 Ra7 31. e4 Ra8 32. exd5+ exd5 33. a6
Kb6 34. a7 h6 35. Ra5 Kc6 36. Ra6+ Kb7 37. Kxb5 Rc8 38. a8=Q+ Rxa8 39. Rxa8
Kxa8 40. Kc5 g5 41. Kxd5 h5 42. c4 f5 43. Kc6 g4 44. fxg4 hxg4 45. Kd5 f4 46.
Ke4 1-0

[Event "Roskilde 100 aars Jubilaeum 2008"]
[Site "Roskilde"]
[Date "2008.10.12"]
[Round "3"]
[White "Marshall, Michael"]
[Black "Sorensen, Lindved"]
[Result "1-0"]
[WhiteElo "1765"]
[BlackElo "1592"]
[PlyCount "35"]
[EventDate "2008.??.??"]


1. d4 Nf6 2. Nf3 e6 3. e3 c5 4. Bd3 cxd4 5. exd4 Nc6 6. O-O Qb6 7. Re1 Nxd4 8.
Nxd4 Qxd4 9. Rxe6+ Kd8 10. Re1 Bc5 11. Be3 Qxb2 12. Bxc5 Qxa1 13. Be7+ Kc7 14.
Bc4 d5 15. Bxd5 Nxd5 16. Qxd5 Be6 17. Qd6+ Kc8 18. Rd1 1-0

[Event "Roskilde 100 aars Jubilaeum 2008"]
[Site "Roskilde"]
[Date "2008.10.12"]
[Round "3"]
[White "Jorgensen, Alexander Torp"]
[Black "Jorgensen, Orla Eilegaard"]
[Result "0-1"]
[WhiteElo "1002"]
[BlackElo "1327"]
[PlyCount "42"]
[EventDate "2008.??.??"]


1. d4 Nf6 2. Bf4 d5 3. e3 c5 4. c3 Nc6 5. Bb5 cxd4 6. Qa4 dxe3 7. fxe3 Bd7 8.
Nf3 Qb6 9. Ne5 Nxe5 10. Bxd7+ Nexd7 11. O-O e5 12. Bxe5 Qxe3+ 13. Kh1 Qxe5 14.
Nd2 Be7 15. c4 O-O 16. Rfe1 Qxb2 17. cxd5 Qxd2 18. Rxe7 Qxd5 19. Rd1 Qc5 20.
Rdxd7 Nxd7 21. Qxd7 Qc1+ 0-1

[Event "Roskilde 100 aars Jubilaeum 2008"]
[Site "Roskilde"]
[Date "2008.10.12"]
[Round "3"]
[White "Zmylon, Frederik Nielsen"]
[Black "Wadtland, Flemming"]
[Result "1-0"]
[WhiteElo "1367"]
[BlackElo "1137"]
[PlyCount "46"]
[EventDate "2008.??.??"]


1. e4 e5 2. Bc4 Nc6 3. Nf3 Bc5 4. c3 h6 5. d4 exd4 6. cxd4 Bb6 7. O-O Na5 8.
Ne5 Nxc4 9. Nxc4 d6 10. Bd2 Bxd4 11. Bc3 Bxc3 12. Nxc3 Be6 13. Ne3 Qg5 14. Ncd5
O-O-O 15. b4 Ne7 16. Rc1 Nxd5 17. Nxd5 Bxd5 18. exd5 Rhe8 19. Qc2 Rd7 20. Rfd1
Re5 21. Qc4 Rde7 22. f4 Re4 23. fxg5 Rxc4 1-0

[Event "Roskilde 100 aars Jubilaeum 2008"]
[Site "Roskilde"]
[Date "2008.10.12"]
[Round "3"]
[White "Nielsen, Kurt Sogaard"]
[Black "Sorensen, Dick"]
[Result "0-1"]
[WhiteElo "1612"]
[BlackElo "1851"]
[PlyCount "84"]
[EventDate "2008.??.??"]


1. d4 e6 2. Nf3 f5 3. c4 Nf6 4. Nc3 Be7 5. e3 O-O 6. Bd3 b6 7. O-O Bb7 8. Re1
Ne4 9. Bxe4 fxe4 10. Nd2 d5 11. b3 Bb4 12. Bb2 Bxc3 13. Bxc3 Qh4 14. Rf1 Nd7
15. f4 exf3 16. Nxf3 Qg4 17. h3 Qe4 18. Qe2 dxc4 19. bxc4 h6 20. Be1 c5 21.
dxc5 Nxc5 22. Bc3 Nd3 23. Nd2 Qg6 24. Rad1 e5 25. Kh2 e4 26. Nb3 Rac8 27. Nc1
Rxf1 28. Qxf1 Rf8 29. Qg1 Ba6 30. Nxd3 exd3 31. Rd2 Qd6+ 32. g3 Bxc4 33. Qb1
Rf3 34. Qe1 Qe6 35. Bd4 Qf7 36. Kg2 Rf5 37. a3 Ra5 38. Qc1 Bd5+ 39. Kh2 Qf3 40.
Bb2 Rc5 41. Qd1 Rc2 42. Bc1 Qxd1 0-1

[Event "Roskilde 100 aars Jubilaeum 2008"]
[Site "Roskilde"]
[Date "2008.10.12"]
[Round "3"]
[White "Lavrsen, Frands Winther"]
[Black "Jorgensen, Morten"]
[Result "1/2-1/2"]
[WhiteElo "1762"]
[BlackElo "1491"]
[PlyCount "82"]
[EventDate "2008.??.??"]


1. e4 e5 2. Bc4 Nf6 3. d3 d5 4. exd5 Nxd5 5. Nf3 f6 6. Nxe5 fxe5 7. Qh5+ g6 8.
Qxe5+ Qe7 9. Qxe7+ Nxe7 10. Bf4 Bg7 11. Nc3 c6 12. O-O-O Bf5 13. Rde1 Bf6 14.
Ne4 Bxe4 15. Rxe4 Kd8 16. Rhe1 b5 17. Bb3 a5 18. Re6 a4 19. Rxf6 axb3 20. axb3
Ra1+ 21. Kd2 Rxe1 22. Kxe1 Re8 23. Kd2 Nd7 24. Rd6 Rf8 25. Be3 Kc7 26. Re6 Nd5
27. Ke2 Nf4+ 28. Bxf4+ Rxf4 29. g3 Rf6 30. Re7 h5 31. f4 Kd6 32. Rg7 Nc5 33.
Rg8 Ne6 34. c3 Nc5 35. b4 Na4 36. Ra8 Nxb2 37. Kd2 Na4 38. c4 Re6 39. c5+ Nxc5
40. bxc5+ Kxc5 41. h3 Kd4 1/2-1/2

[Event "Roskilde 100 aars Jubilaeum 2008"]
[Site "Roskilde"]
[Date "2008.10.12"]
[Round "3"]
[White "Zachariassen, John"]
[Black "Petrovski, Petruli"]
[Result "1-0"]
[WhiteElo "1895"]
[BlackElo "1645"]
[PlyCount "79"]
[EventDate "2008.??.??"]


1. b3 Nf6 2. Bb2 e6 3. Nf3 d5 4. e3 c5 5. Be2 Be7 6. O-O O-O 7. d4 Nc6 8. c4 b6
9. Nc3 Bb7 10. Qc2 a6 11. Rfd1 Qc7 12. Rac1 Rac8 13. Qb1 Rfd8 14. cxd5 Nxd5 15.
Na4 cxd4 16. Nxd4 b5 17. Nc5 Bxc5 18. Rxc5 Qe7 19. Nxc6 Bxc6 20. Rcc1 Qg5 21.
Bf1 f5 22. Bd4 h5 23. a4 bxa4 24. bxa4 Bxa4 25. Rxc8 Rxc8 26. Qb7 Rc7 27. Qb8+
Kh7 28. Ra1 Bb5 29. Bxb5 axb5 30. Qxb5 h4 31. h3 Rc2 32. Ra7 Rc1+ 33. Kh2 Nf6
34. Qb2 e5 35. Bxe5 Rc6 36. Qd4 Nh5 37. Qd5 Rg6 38. Ra8 Nf6 39. Bxf6 Qxf6 40.
Ra4 1-0

[Event "Roskilde 100 aars Jubilaeum 2008"]
[Site "Roskilde"]
[Date "2008.10.12"]
[Round "3"]
[White "Jensen, Soren2"]
[Black "Schmidt, Horst Hubert"]
[Result "1-0"]
[WhiteElo "1603"]
[BlackElo "1778"]
[PlyCount "105"]
[EventDate "2008.??.??"]


1. c4 e5 2. g3 Nc6 3. Bg2 d6 4. Nc3 Be6 5. d3 f5 6. Nd5 Nf6 7. e4 fxe4 8. dxe4
Be7 9. Ne2 Qd7 10. O-O O-O 11. f3 Rac8 12. Be3 b6 13. Nec3 Na5 14. b3 c6 15.
Nxe7+ Qxe7 16. f4 Ng4 17. Qe2 Nxe3 18. Qxe3 Rfd8 19. Rad1 Bg4 20. Rd3 Be6 21.
Rfd1 Nb7 22. Qf3 g6 23. f5 Rf8 24. g4 Kh8 25. Qe3 gxf5 26. exf5 Bf7 27. g5 Bh5
28. Rf1 Bg4 29. f6 Qe6 30. h4 Nc5 31. Rd2 Bf5 32. Ne4 Rcd8 33. Nxc5 dxc5 34.
Rfd1 Rd4 35. Bxc6 Bh3 36. Rxd4 cxd4 37. Qe4 Qf5 38. Qxf5 Bxf5 39. Kf2 Rd8 40.
Kf3 Bg6 41. Rd2 Rd6 42. Bd5 b5 43. Kg4 h5+ 44. Kf3 bxc4 45. bxc4 Ra6 46. Rb2
Rb6 47. Rb5 d3 48. a4 Bf5 49. c5 d2 50. Ke2 Bd3+ 51. Kxd2 Rxb5 52. axb5 Bxb5
53. c6 1-0

[Event "Roskilde 100 aars Jubilaeum 2008"]
[Site "Roskilde"]
[Date "2008.10.12"]
[Round "3"]
[White "Andersen, Daniel"]
[Black "Lauridsen, Jesper Morch"]
[Result "1-0"]
[WhiteElo "1806"]
[BlackElo "2279"]
[PlyCount "42"]
[EventDate "2008.??.??"]


1. c4 e6 2. g3 d5 3. Bg2 Nf6 4. d4 Be7 5. Nf3 O-O 6. O-O c5 7. cxd5 exd5 8. Nc3
Nc6 9. Bg5 cxd4 10. Nxd4 h6 11. Be3 Re8 12. Qb3 Na5 13. Qc2 Nc4 14. Bf4 Qb6 15.
Ndb5 Bd8 16. b3 Ne5 17. Be3 Qa5 18. a3 Qa6 19. a4 Be6 20. Rfd1 Nc6 21. Qb2 Be7
1-0

[Event "Roskilde 100 aars Jubilaeum 2008"]
[Site "Roskilde"]
[Date "2008.10.12"]
[Round "3"]
[White "Christensen, Simon Ellegaard"]
[Black "Hein, Jacob"]
[Result "0-1"]
[WhiteElo "1720"]
[BlackElo "1456"]
[PlyCount "126"]
[EventDate "2008.??.??"]


1. d4 e6 2. Nf3 b6 3. Bf4 Nf6 4. e3 Bb7 5. Bd3 Ne4 6. Nbd2 d5 7. c3 g5 8. Bg3
h5 9. h3 Nxg3 10. fxg3 Bd6 11. Ne5 f6 12. Bg6+ Ke7 13. Nf7 Bxg3+ 14. Kf1 Ba6+
15. Kg1 Qg8 16. Nxh8 Qxh8 17. Qxh5 Qxh5 18. Bxh5 Nd7 19. Nf1 Bd6 20. Kf2 f5 21.
Be2 Bb7 22. h4 g4 23. g3 Nf6 24. Nd2 Nh5 25. Rhg1 Rf8 26. Nf1 Bc8 27. Kg2 c5
28. Kh2 Rh8 29. Rg2 Nf6 30. Kg1 c4 31. b3 b5 32. Nd2 Ba6 33. a4 Ra8 34. axb5
Bxb5 35. bxc4 dxc4 36. Kf2 Bc6 37. Rgg1 Bb5 38. Rgb1 Bc6 39. Bxc4 Be4 40. Rg1
a5 41. Bb5 Nd5 42. Nxe4 fxe4 43. c4 Rf8+ 44. Ke2 Nc3+ 45. Ke1 Bb4 46. Bc6 Rf3
47. Kd2 Nd5+ 48. Kc1 Nc3 49. Kb2 Rxe3 50. h5 Ne2 51. Rg2 Bc3+ 52. Kb1 Nxd4 53.
Ka2 Nxc6 54. Rf1 Bg7 55. Rh1 Bh6 56. Rh4 Ne5 57. c5 Bg5 58. Rh1 Bh6 59. Rc2 Nc6
60. Rc4 Rxg3 61. Rxe4 Nb4+ 62. Kb1 Rb3+ 63. Ka1 Bg7+ 0-1